000 00428nam a2200181Ia 4500
001 3292
005 20260306145632.0
008 260306t2001||||xx |||||||||||||| ||spa||
041 _aESP
082 _a266.985
_bR68
100 _aRizo Patrón, Francisco
_eAUT
245 0 _aRaíces católicas del Perú
260 _c2001
300 _a167 páginas :
_c19 cm.
650 _aGEN
654 _aCHU
942 _cLIB
_dJUS
_fJUS
_2ddc
_n
999 _c3292
_d3292